Statistics for Country Shape to Capital Match (All Countries)

Click here to take the quiz!

General Stats

  • This quiz has been taken 69 times
    (67 since last reset)
  • The average score is 129 of 196

Answer Stats

Answer% Correct
Ottawa
100%
Washington D.C.
100%
Beijing
97%
Canberra
97%
Athens
95%
London
95%
Paris
95%
Tokyo
95%
Manila
92%
Rome
92%
Havana
90%
Oslo
90%
Jakarta
87%
Santiago
87%
Copenhagen
85%
Mexico City
85%
New Delhi
85%
Reykjavik
85%
Moscow
82%
Wellington
82%
Zagreb
82%
Ankara
79%
Berlin
79%
Buenos Aires
79%
Dhaka
79%
Hanoi
79%
Lisbon
79%
Madrid
79%
Panama City
79%
Vienna
79%
Bangkok
77%
Islamabad
77%
Kuala Lumpur
77%
Nicosia
77%
Stockholm
77%
Tashkent
77%
Abu Dhabi
74%
Bern
74%
Brasilia
74%
Dublin
74%
Helsinki
74%
Jerusalem
74%
Kabul
74%
Kathmandu
74%
Naypyidaw/Nay Pyi Taw
74%
Pretoria/Cape Town/Bloemfontein
74%
Pyongyang
74%
Seoul
74%
Taipei
74%
Ulaanbaatar
74%
Valletta
74%
Vientiane
74%
Amsterdam
72%
Antananarivo
72%
Ashgabat
72%
Bogota
72%
Dakar
72%
Kinshasa
72%
Kyiv/Kiev
72%
Lima
72%
Lusaka
72%
Male
72%
Mogadishu
72%
Muscat
72%
Nassau
72%
Port Au Prince
72%
Porto-Novo
72%
Pristina
72%
Sarajevo
72%
Tehran
72%
Asmara
69%
Asuncion
69%
Baku
69%
Dili
69%
Kuwait City
69%
Lilongwe
69%
Luanda
69%
Minsk
69%
San Jose
69%
Tallinn
69%
Tirana
69%
Tunis
69%
Windhoek
69%
Yaounde
69%
Amman
67%
Astana
67%
Baghdad
67%
Bamako
67%
Banjul
67%
Belgrade
67%
Bratislava
67%
Brazzaville
67%
Cairo
67%
Caracas
67%
Chisinau
67%
Dushanbe
67%
Maputo
67%
Port Moresby
67%
Prague
67%
Rabat
67%
Singapore
67%
Bandar Seri Begawan
64%
Bishkek
64%
Damascus
64%
Guatemala City
64%
Kingston
64%
N'Djamena
64%
Nouakchott
64%
Ouagadougou
64%
Riga
64%
Warsaw
64%
Yamoussoukro/Abidjan
64%
Bangui
62%
Brussels
62%
Bucharest
62%
Georgetown
62%
Khartoum
62%
Libreville
62%
Luxembourg
62%
Manama
62%
Quito
62%
Sanaa
62%
Sofia
62%
Accra
59%
Addis Ababa
59%
Basseterre
59%
Doha
59%
Juba
59%
La Paz/Sucre
59%
Ljubljana
59%
Lome
59%
Managua
59%
Moroni
59%
Nairobi
59%
Niamey
59%
Port of Spain
59%
Saint George's
59%
São Tomé
59%
Vaduz
59%
Beirut
56%
Budapest
56%
Castries
56%
Dodoma
56%
Gaborone
56%
Malabo
56%
Monaco
56%
Riyadh
56%
St. John's
56%
Suva
56%
Tbilisi
56%
Tegucigalpa
56%
Tripoli
56%
Victoria
56%
Vilnius
56%
Yerevan
56%
Abuja
54%
Algiers
54%
Apia
54%
Belmopan
54%
Bissau
54%
Conakry
54%
Kampala
54%
Monrovia
54%
Montevideo
54%
Podgorica
54%
Praia
54%
San Salvador
54%
Vatican City
54%
Djibouti
51%
Freetown
51%
Gitega
51%
Honiara
51%
Paramaribo
51%
Phnom Penh
51%
Colombo/Kotte
49%
Harare
49%
Mbabane/Lobamba
49%
Yaren
49%
Andorra la Vella
46%
Maseru
46%
Port Louis
46%
Santo Domingo
46%
Skopje
46%
Thimphu
46%
Funafuti/Vaiaku
44%
Kigali
44%
Melekeok/Ngerulmud
44%
Palikir
44%
Port-Vila
44%
Tarawa
44%
Nuku'alofa
41%
Roseau
41%
San Marino
41%
Bridgetown
38%
Kingstown
38%
Majuro
38%

Score Distribution

Percentile by Number Answered

Percent of People with Each Score

Your Score History

You have not taken this quiz since the last reset